00629nam a2200157 a 4500008004100000050001900041100001500060245002800075246006900103260003300172300001600205350000900221995008900230999001700319952013500336120416s1967 ||||||||||||||||| || u aTK 6565.S9 Kir aKireyev, M10aSwitchgear Installation aa manual for installers of electrical switchgear and power lines aMoscowbMir Publishersc1967 a382p. : ill a0.00 D0.00FCBU-MAIN LIBRARY (Kitwe)H1I3.00UWEEDEDZMain Library Open Access Collection c59280d59280 00102lcc4070a001b001cMain Library Open Access Collectiond2022-11-30l0oTK 6565.S9 Kirp015935r2022-11-30w2022-11-30y002